00474 2200181 4500001002100000005001500021035002000036008004100056245006800097100002000165250000600185260004200191300001100233084001400244082000800258650001400266990001200280INLIS00000000000024620240503072740 a0010-0424000222240503 0 ind 1 aMengenal Wisata Sejarah dan Budaya Indonesia /cYunita Endah C. aEndah C, Yunita a1 aJakarta :bPustaka Tiga Kelana,c2011 a74 hlm a900 YUN m a900 4aNon Fiksi a0732408